Statistics for Top 20 Largest seas

Click here to take the quiz!

General Stats

  • This quiz has been taken 73 times
  • The average score is 9 of 20

Answer Stats

SeasOrder% Correct
Mediterranean7
92%
South China4
78%
East China14
70%
Caribbean6
68%
Japan17
65%
Tasman8
65%
Arabian3
62%
Bering9
59%
Coral2
57%
Philippine1
46%
Norwegian12
32%
Greenland15
27%
Kara20
27%
Barents11
24%
Okhotsk10
24%
East Siberian18
16%
Weddell5
16%
Ross19
14%
Argentine16
8%
Bellinghausen13
8%

Score Distribution

Percentile by Number Answered

Percent of People with Each Score

Your Score History

You have not taken this quiz